000 00680nam a22002417a 4500
003 UA-OsUOA
001 55256
007 ta
008 20080902b un ||||| |||| 00| 0 ukr d
090 _a23/28(031)
_bВ84
942 _cBK
040 _aUA-OsUOA
_brus
_cUA-OsUOA
_dUA-OsUOA
245 _aВсемирная энциклопедия
300 _a832 с.
955 _a1
041 _arus
080 _a23/28(031)
020 _a985-14-0675-9
260 _aМінск
_bСовременный литератор
_c2004
246 3 1 _aХристиянство
_n
650 7 _a23/28 Християнство. Християнська релігія
_2UDC
999 _c341338
_d341338